[Event "GER North-chT U16"]
[Site "Magdeburg"]
[Date "2006.08.29"]
[Round "7.3"]
[White "Stoevesand, Peter"]
[Black "Reichel, Benjamin"]
[Result "1-0"]
[WhiteElo "1356"]
[BlackElo "917"]
[PlyCount "47"]
[EventDate "2006.08.26"]
[EventType "team-tourn"]
[EventRounds "7"]
[EventCountry "GER"]
[SourceTitle "EXT 2007"]
[Source "ChessBase"]
[SourceDate "2006.11.23"]
[SourceVersion "1"]
[SourceVersionDate "2006.11.23"]
[SourceQuality "1"]

1. e4 e5 2. Nf3 Nc6 3. Bb5 Nf6 4. 0-0 Bc5 5. Re1 d6 6. d4 Bxd4 7. Nxd4 exd4 8. Qxd4 0-0 9. Bxc6 bxc6 10. Bg5 c5 11. Qc3 Nxe4 12. Qxg7+ Kxg7 13. Bxd8 Rxd8 14. Rxe4 Rb8 15. b3 Bf5 16. Re2 Re8 17. Rxe8 Rxe8 18. Na3 c6 19. f3 h5 20. Rc1 a5 21. Nc4 Re2 22. Nxd6 Rxc2 23. Nxf5+ Kf6 24. Rxc2 1-0